A nagging sense of job insecurity : The new reality facing Japanese youth
This book explores the growing job insecurity among Japanese youth in the post-1990s era, analyzing the decline of lifetime employment, the rise of non-regular work, and the social consequences of unstable careers. It highlights the challenges young people face in employment and the need for labor m...
Kaydedildi:
| Yazar: | |
|---|---|
| Diğer Yazarlar: | |
| Materyal Türü: | Kitap |
| Dil: | Vietnamese |
| Baskı/Yayın Bilgisi: |
Tokyo
International House of Japan
2005
|
| Konular: | |
| Etiketler: |
Etiketle
Etiket eklenmemiş, İlk siz ekleyin!
|
| Thư viện lưu trữ: | Thư viện Trường Đại học Nam Cần Thơ |
|---|
| LEADER | 01309nam a22002297a 4500 | ||
|---|---|---|---|
| 001 | NCT_4_026451 | ||
| 008 | 251004b xxu||||| |||| 00| 0 vie d | ||
| 999 | |c 9308 |d 9308 | ||
| 020 | |a 9784903452005 |c $32.04 | ||
| 082 | 0 | 4 | |2 23rd ed. |a 331.3 |b G325 |
| 100 | 1 | |a Genda, Yuji | |
| 245 | 1 | 0 | |a A nagging sense of job insecurity : |b The new reality facing Japanese youth |c Genda Yuji ; Jean Connell Hoff (Translator) |
| 260 | |a Tokyo |b International House of Japan |c 2005 | ||
| 300 | |a xii, 205 p. |b ill. |c 23 cm | ||
| 500 | |a This book was originally published in 2001 by Chuokoron-Shinsha, Inc., under the title "Shigoto no Naka no Aimai no Fuan | ||
| 504 | |a Includes index | ||
| 520 | 3 | |a This book explores the growing job insecurity among Japanese youth in the post-1990s era, analyzing the decline of lifetime employment, the rise of non-regular work, and the social consequences of unstable careers. It highlights the challenges young people face in employment and the need for labor market reforms. | |
| 653 | |a Kinh tế chính trị | ||
| 700 | 1 | |a Hoff, Jean Connell |e Translator | |
| 942 | |2 ddc |c BK | ||
| 952 | |0 0 |1 0 |2 ddc |4 0 |6 331_300000000000000_G325 |7 0 |9 31442 |a 000001 |b 000001 |d 2025-10-07 |o 331.3 G325 |p MD.24450 |r 2025-10-07 |v 32.04 |w 2025-10-07 |y BK | ||
| 980 | |a Thư viện Trường Đại học Nam Cần Thơ | ||


